[Event "Blitz 2018"]
[Site "Saint-Petersburg"]
[Date "2018.12.30"]
[Round "18"]
[Board "74"]
[White "Fakhrutdinov Timur (RUS)"]
[Black "Potapov Pavel (RUS)"]
[Result "1-0"]
[LiveChessVersion "1.4.8"]
[BlackElo "2542"]
[WhiteElo "2357"]

1. e4 {[%clk 0:03:02]} c5 {[%clk 0:03:03]} 2. Nf3 {[%clk 0:03:03]} Nc6
{[%clk 0:03:05]} 3. d4 {[%clk 0:03:05]} cxd4 {[%clk 0:03:06]} 4. Nxd4
{[%clk 0:03:06]} e5 {[%clk 0:03:07]} 5. Nb5 {[%clk 0:03:07]} d6 {[%clk 0:03:08]}
6. N1c3 {[%clk 0:03:07]} a6 {[%clk 0:03:07]} 7. Na3 {[%clk 0:03:07]} Be7
{[%clk 0:03:06]} 8. Nc4 {[%clk 0:03:04]} b5 {[%clk 0:03:07]} 9. Ne3
{[%clk 0:03:04]} Nf6 {[%clk 0:03:07]} 10. g3 {[%clk 0:02:58]} O-O
{[%clk 0:03:05]} 11. Bg2 {[%clk 0:02:58]} b4 {[%clk 0:03:05]} 12. Ncd5
{[%clk 0:02:59]} Nxd5 {[%clk 0:03:06]} 13. Nxd5 {[%clk 0:02:57]} Bg5
{[%clk 0:03:06]} 14. Bxg5 {[%clk 0:02:28]} Qxg5 {[%clk 0:03:07]} 15. O-O
{[%clk 0:02:26]} Rb8 {[%clk 0:03:07]} 16. Qd3 {[%clk 0:02:17]} a5
{[%clk 0:03:05]} 17. Rfd1 {[%clk 0:02:12]} Bb7 {[%clk 0:02:43]} 18. a3
{[%clk 0:02:07]} Nd4 {[%clk 0:02:17]} 19. axb4 {[%clk 0:02:00]} Bxd5
{[%clk 0:02:13]} 20. exd5 {[%clk 0:01:54]} axb4 {[%clk 0:02:14]} 21. f4
{[%clk 0:01:40]} Qd8 {[%clk 0:02:00]} 22. fxe5 {[%clk 0:01:16]} dxe5
{[%clk 0:02:01]} 23. c3 {[%clk 0:01:08]} Nb3 {[%clk 0:01:53]} 24. Rab1
{[%clk 0:01:03]} Qd6 {[%clk 0:01:47]} 25. Qe3 {[%clk 0:00:41]} Rfe8
{[%clk 0:01:32]} 26. Bf1 {[%clk 0:00:22]} Nc5 {[%clk 0:01:26]} 27. Ra1
{[%clk 0:00:19]} Re7 {[%clk 0:01:09]} 28. Ra5 {[%clk 0:00:15]} Rc7
{[%clk 0:01:05]} 29. cxb4 {[%clk 0:00:11]} Nd7 {[%clk 0:01:02]} 30. b5
{[%clk 0:00:07]} g6 {[%clk 0:00:54]} 31. Ra6 {[%clk 0:00:08]} Qb4
{[%clk 0:00:51]} 32. Rc6 {[%clk 0:00:06]} Rcb7 {[%clk 0:00:48]} 33. Qc3
{[%clk 0:00:07]} Qa4 {[%clk 0:00:41]} 34. Rd2 {[%clk 0:00:06]} Qa1
{[%clk 0:00:38]} 35. Rc8+ {[%clk 0:00:05]} Kg7 {[%clk 0:00:36]} 36. Rxb8
{[%clk 0:00:05]} Qa7+ {[%clk 0:00:19]} 37. Rf2 {[%clk 0:00:04]} Rxb8
{[%clk 0:00:15]} 38. Kg2 {[%clk 0:00:05]} Qb7 {[%clk 0:00:12]} 39. Qc6
{[%clk 0:00:05]} e4 {[%clk 0:00:09]} 40. Bc4 {[%clk 0:00:04]} Nb6
{[%clk 0:00:05]} 41. Qf6+ {[%clk 0:00:04]} Kg8 {[%clk 0:00:06]} 42. Bb3
{[%clk 0:00:04]} Nxd5 {[%clk 0:00:04]} 43. Qe5 {[%clk 0:00:04]} Ne3+
{[%clk 0:00:05]} 44. Kg1 {[%clk 0:00:05]} Rf8 {[%clk 0:00:05]} 45. Qd4
{[%clk 0:00:06]} Nf5 {[%clk 0:00:06]} 46. Qc5 {[%clk 0:00:06]} e3
{[%clk 0:00:06]} 47. Rc2 {[%clk 0:00:06]} Qd7 {[%clk 0:00:06]} 48. Qd5
{[%clk 0:00:05]} Qe7 {[%clk 0:00:06]} 49. Kf1 {[%clk 0:00:04]} Rd8
{[%clk 0:00:07]} 50. Qc6 {[%clk 0:00:03]} Rd1+ {[%clk 0:00:07]} 51. Ke2
{[%clk 0:00:04]} Nd4+ {[%clk 0:00:08]} 52. Kxd1 {[%clk 0:00:05]} e2+
{[%clk 0:00:09]} 53. Ke1 {[%clk 0:00:05]} Nxc6 {[%clk 0:00:10]} 54. bxc6
{[%clk 0:00:06]} Qd6 {[%clk 0:00:04]} 55. Kxe2 {[%clk 0:00:05]} Qe5+
{[%clk 0:00:04]} 56. Kd2 {[%clk 0:00:04]} Qd4+ {[%clk 0:00:05]} 57. Kc1
{[%clk 0:00:03]} Qg1+ {[%clk 0:00:05]} 58. Kd2 {[%clk 0:00:04]} Qd4+
{[%clk 0:00:06]} 59. Ke2 {[%clk 0:00:04]} Qe4+ {[%clk 0:00:07]} 60. Kd1
{[%clk 0:00:04]} Qd3+ {[%clk 0:00:06]} 61. Kc1 Qe3+ {[%clk 0:00:06]} 62. Kb1
{[%clk 0:00:04]} Qe1+ {[%clk 0:00:07]} 63. Rc1 {[%clk 0:00:05]} Qe4+
{[%clk 0:00:07]} 64. Ka2 {[%clk 0:00:05]} Qe3 {[%clk 0:00:05]} 65. Rc4
{[%clk 0:00:05]} Qa7+ {[%clk 0:00:04]} 66. Ba4 {[%clk 0:00:06]} Qa6
{[%clk 0:00:05]} 67. b3 {[%clk 0:00:06]} Qa5 {[%clk 0:00:04]} 68. c7
{[%clk 0:00:08]} Qd2+ {[%clk 0:00:05]} 69. Ka3 {[%clk 0:00:09]} Qd6+
{[%clk 0:00:06]} 70. b4 {[%clk 0:00:07]} Qd3+ {[%clk 0:00:06]} 71. Bb3
{[%clk 0:00:09]} Kg7 {[%clk 0:00:06]} 72. c8=Q {[%clk 0:00:08]} 1-0

[Event "Blitz 2018"]
[Site "Saint-Petersburg"]
[Date "2018.12.30"]
[Round "18"]
[Board "75"]
[White "Geller Jakov (RUS)"]
[Black "Drygalov Sergey (RUS)"]
[Result "1/2-1/2"]
[LiveChessVersion "1.4.8"]
[BlackElo "2428"]
[WhiteElo "2528"]

1. e4 {[%clk 0:03:03]} c5 {[%clk 0:03:03]} 2. Nf3 {[%clk 0:03:04]} d6
{[%clk 0:03:04]} 3. d4 {[%clk 0:03:05]} cxd4 {[%clk 0:03:05]} 4. Nxd4
{[%clk 0:03:05]} Nf6 {[%clk 0:03:07]} 5. Nc3 {[%clk 0:03:06]} a6 {[%clk 0:03:08]}
6. Be3 {[%clk 0:03:07]} e5 {[%clk 0:03:09]} 7. Nb3 {[%clk 0:03:07]} Be6
{[%clk 0:03:09]} 8. f3 {[%clk 0:03:07]} Be7 {[%clk 0:03:10]} 9. Qd2
{[%clk 0:03:05]} O-O {[%clk 0:03:08]} 10. O-O-O {[%clk 0:03:03]} Nbd7
{[%clk 0:03:03]} 11. g4 {[%clk 0:03:04]} b5 {[%clk 0:03:05]} 12. g5 Nh5 13. Kb1
{[%clk 0:03:02]} Qc7 {[%clk 0:02:52]} 14. Nd5 {[%clk 0:02:32]} Bxd5
{[%clk 0:02:52]} 15. exd5 {[%clk 0:02:33]} f5 {[%clk 0:02:08]} 16. Rg1
{[%clk 0:02:07]} Rfe8 {[%clk 0:00:37]} 17. Na5 {[%clk 0:01:58]} Nb6
{[%clk 0:00:18]} 18. Nc6 {[%clk 0:01:41]} Bf8 {[%clk 0:00:14]} 19. g6
{[%clk 0:01:41]} hxg6 {[%clk 0:00:11]} 20. Rxg6 {[%clk 0:01:41]} Nc4
{[%clk 0:00:10]} 21. Bxc4 {[%clk 0:01:29]} bxc4 {[%clk 0:00:11]} 22. c3
{[%clk 0:01:11]} f4 {[%clk 0:00:11]} 23. Bf2 {[%clk 0:01:09]} e4 {[%clk 0:00:10]}
24. fxe4 {[%clk 0:00:52]} Rxe4 {[%clk 0:00:10]} 25. Nd4 {[%clk 0:00:52]} Qf7
{[%clk 0:00:10]} 26. Rg5 {[%clk 0:00:53]} Re5 {[%clk 0:00:07]} 27. Rdg1
{[%clk 0:00:25]} Qxd5 {[%clk 0:00:08]} 28. h4 {[%clk 0:00:23]} Rae8
{[%clk 0:00:08]} 29. Qc2 {[%clk 0:00:19]} Rxg5 {[%clk 0:00:08]} 30. Rxg5
{[%clk 0:00:19]} Qh1+ {[%clk 0:00:09]} 31. Rg1 {[%clk 0:00:18]} Qxg1+
{[%clk 0:00:08]} 32. Bxg1 {[%clk 0:00:19]} Re1+ {[%clk 0:00:09]} 33. Qc1
{[%clk 0:00:20]} Rxc1+ {[%clk 0:00:10]} 34. Kxc1 {[%clk 0:00:21]} Kf7
{[%clk 0:00:09]} 35. Kd2 {[%clk 0:00:19]} Be7 {[%clk 0:00:09]} 36. Bf2
{[%clk 0:00:20]} d5 {[%clk 0:00:06]} 37. a4 {[%clk 0:00:19]} Nf6 {[%clk 0:00:07]}
38. Nc6 {[%clk 0:00:18]} Ne4+ {[%clk 0:00:07]} 39. Ke2 {[%clk 0:00:19]} Nxf2
{[%clk 0:00:05]} 40. Kxf2 {[%clk 0:00:20]} Bxh4+ {[%clk 0:00:06]} 41. Kf3
{[%clk 0:00:22]} g5 {[%clk 0:00:06]} 42. Nb4 {[%clk 0:00:23]} Ke6
{[%clk 0:00:07]} 43. Kg4 {[%clk 0:00:23]} a5 {[%clk 0:00:06]} 44. Nc6
{[%clk 0:00:22]} Bf2 {[%clk 0:00:05]} 45. Nxa5 {[%clk 0:00:23]} Be3
{[%clk 0:00:05]} 46. Nc6 {[%clk 0:00:21]} Kd6 {[%clk 0:00:06]} 47. Nd8
{[%clk 0:00:19]} Bc1 {[%clk 0:00:07]} 48. Nf7+ {[%clk 0:00:19]} Kc5
{[%clk 0:00:08]} 49. Nxg5 {[%clk 0:00:18]} Bxb2 {[%clk 0:00:09]} 50. Ne6+
{[%clk 0:00:18]} Kd6 {[%clk 0:00:04]} 51. a5 {[%clk 0:00:17]} Bxc3
{[%clk 0:00:03]} 52. a6 {[%clk 0:00:17]} Kc6 {[%clk 0:00:05]} 53. a7
{[%clk 0:00:12]} Kb7 {[%clk 0:00:06]} 54. Nc7 {[%clk 0:00:13]} Kxa7
{[%clk 0:00:07]} 55. Nxd5 {[%clk 0:00:14]} Bd2 {[%clk 0:00:08]} 56. Nxf4
{[%clk 0:00:14]} c3 {[%clk 0:00:09]} 57. Ne2 {[%clk 0:00:11]} c2 {[%clk 0:00:10]}
58. Kf5 {[%clk 0:00:12]} 1/2-1/2

[Event "Blitz 2018"]
[Site "Saint-Petersburg"]
[Date "2018.12.30"]
[Round "18"]
[Board "76"]
[White "Iljin Artem (RUS)"]
[Black "Oganian Miran (RUS)"]
[Result "1-0"]
[LiveChessVersion "1.4.8"]
[BlackElo "2326"]
[WhiteElo "2525"]

1. Nf3 {[%clk 0:03:03]} d5 {[%clk 0:03:03]} 2. d4 {[%clk 0:03:03]} Nf6
{[%clk 0:03:04]} 3. e3 {[%clk 0:03:00]} g6 {[%clk 0:02:57]} 4. c4
{[%clk 0:02:59]} Bg7 {[%clk 0:02:48]} 5. Nc3 {[%clk 0:02:59]} O-O
{[%clk 0:02:45]} 6. Qb3 {[%clk 0:03:00]} e6 {[%clk 0:02:42]} 7. Bd2
{[%clk 0:03:00]} b6 {[%clk 0:02:40]} 8. Be2 {[%clk 0:02:49]} Bb7 {[%clk 0:02:37]}
9. cxd5 {[%clk 0:02:47]} exd5 {[%clk 0:02:32]} 10. O-O {[%clk 0:02:46]} Nbd7
{[%clk 0:02:31]} 11. Rfd1 {[%clk 0:02:43]} Re8 {[%clk 0:02:30]} 12. a4
{[%clk 0:02:34]} a5 {[%clk 0:02:26]} 13. Rac1 {[%clk 0:02:32]} Bf8
{[%clk 0:02:22]} 14. Ne1 {[%clk 0:01:51]} c6 {[%clk 0:02:17]} 15. Nd3
{[%clk 0:01:38]} Bd6 {[%clk 0:02:19]} 16. f4 {[%clk 0:01:31]} Rc8
{[%clk 0:01:44]} 17. Ne5 {[%clk 0:01:32]} Nf8 {[%clk 0:01:32]} 18. Be1
{[%clk 0:01:30]} N6d7 {[%clk 0:01:24]} 19. e4 {[%clk 0:00:39]} Kg7
{[%clk 0:01:14]} 20. exd5 {[%clk 0:00:34]} cxd5 {[%clk 0:01:15]} 21. Bf3
{[%clk 0:00:32]} Ne6 {[%clk 0:01:06]} 22. Bg3 {[%clk 0:00:18]} Nf6
{[%clk 0:00:50]} 23. Nb5 {[%clk 0:00:17]} Bb4 {[%clk 0:00:43]} 24. Bh4
{[%clk 0:00:13]} Nxf4 {[%clk 0:00:35]} 25. Qe3 {[%clk 0:00:11]} Ne6
{[%clk 0:00:28]} 26. Rxc8 {[%clk 0:00:11]} Qxc8 27. Bxf6+ {[%clk 0:00:08]} Kxf6
{[%clk 0:00:19]} 28. Qh6 {[%clk 0:00:09]} Ke7 {[%clk 0:00:06]} 29. Qxh7
{[%clk 0:00:10]} Ng5 {[%clk 0:00:05]} 30. Qh4 {[%clk 0:00:10]} Qf5
{[%clk 0:00:05]} 31. Rf1 {[%clk 0:00:10]} Bd2 {[%clk 0:00:04]} 32. Kh1
{[%clk 0:00:07]} Kf8 {[%clk 0:00:03]} 33. Be2 {[%clk 0:00:07]} Qe6
{[%clk 0:00:04]} 34. Bd3 {[%clk 0:00:05]} Bc8 {[%clk 0:00:03]} 35. Bxg6
{[%clk 0:00:04]} Kg7 {[%clk 0:00:03]} 36. Bxf7 {[%clk 0:00:05]} Rh8
{[%clk 0:00:03]} 37. Qg3 {[%clk 0:00:06]} Qh6 {[%clk 0:00:03]} 38. Bxd5
{[%clk 0:00:05]} Be3 {[%clk 0:00:04]} 39. Rf7+ {[%clk 0:00:05]} Kg8
{[%clk 0:00:04]} 40. Rf6+ {[%clk 0:00:06]} Be6 {[%clk 0:00:03]} 41. Rxh6
{[%clk 0:00:07]} Bxd5 {[%clk 0:00:05]} 42. Rxh8+ {[%clk 0:00:07]} Kxh8
{[%clk 0:00:06]} 43. Qxe3 {[%clk 0:00:09]} 1-0

[Event "Blitz 2018"]
[Site "Saint-Petersburg"]
[Date "2018.12.30"]
[Round "18"]
[Board "77"]
[White "Zubritskiy Artyom (RUS)"]
[Black "Gaifullin Artur (RUS)"]
[Result "1-0"]
[LiveChessVersion "1.4.8"]
[BlackElo "2231"]
[WhiteElo "2513"]

1. c4 {[%clk 0:03:03]} e6 {[%clk 0:03:04]} 2. Nf3 {[%clk 0:03:04]} d5
{[%clk 0:03:05]} 3. g3 {[%clk 0:03:05]} Nf6 {[%clk 0:03:03]} 4. Bg2
{[%clk 0:03:06]} d4 {[%clk 0:03:04]} 5. O-O {[%clk 0:02:41]} c5 {[%clk 0:03:05]}
6. d3 {[%clk 0:02:42]} Nc6 {[%clk 0:03:07]} 7. e3 {[%clk 0:02:43]} Bd6
{[%clk 0:03:03]} 8. exd4 {[%clk 0:02:42]} cxd4 {[%clk 0:03:04]} 9. b3
{[%clk 0:02:30]} O-O {[%clk 0:02:58]} 10. Na3 {[%clk 0:02:31]} e5
{[%clk 0:02:51]} 11. Re1 {[%clk 0:02:31]} Re8 {[%clk 0:02:52]} 12. Nc2
{[%clk 0:02:30]} h6 {[%clk 0:02:52]} 13. Nd2 {[%clk 0:02:18]} Bf5
{[%clk 0:02:45]} 14. Ne4 {[%clk 0:02:19]} Nxe4 {[%clk 0:02:33]} 15. Bxe4
{[%clk 0:02:20]} Bxe4 {[%clk 0:02:34]} 16. dxe4 {[%clk 0:02:03]} a5
{[%clk 0:02:15]} 17. a3 {[%clk 0:01:54]} Qc7 {[%clk 0:01:58]} 18. Qd3
{[%clk 0:01:43]} Nd8 {[%clk 0:01:58]} 19. Bd2 {[%clk 0:01:41]} Rc8
{[%clk 0:01:53]} 20. Rec1 {[%clk 0:01:40]} Ne6 {[%clk 0:01:54]} 21. Ne1
{[%clk 0:01:28]} Nc5 {[%clk 0:01:50]} 22. Qb1 {[%clk 0:01:27]} a4
{[%clk 0:01:51]} 23. bxa4 {[%clk 0:01:24]} Qc6 {[%clk 0:01:52]} 24. f3
{[%clk 0:01:20]} Qxa4 {[%clk 0:01:52]} 25. Bb4 {[%clk 0:01:12]} b6
{[%clk 0:01:26]} 26. Bxc5 {[%clk 0:01:04]} Bxc5 {[%clk 0:01:24]} 27. Nd3
{[%clk 0:01:04]} Bf8 {[%clk 0:01:25]} 28. Qb5 {[%clk 0:00:41]} Ra8
{[%clk 0:00:53]} 29. Kf2 {[%clk 0:00:16]} Ra5 {[%clk 0:00:47]} 30. Qxa4
{[%clk 0:00:12]} Rxa4 {[%clk 0:00:48]} 31. Ke2 {[%clk 0:00:12]} f6
{[%clk 0:00:47]} 32. Rcb1 {[%clk 0:00:05]} Rxc4 {[%clk 0:00:46]} 33. Ra2
{[%clk 0:00:04]} Ra8 {[%clk 0:00:44]} 34. Rxb6 {[%clk 0:00:05]} Rxa3
{[%clk 0:00:45]} 35. Rxa3 {[%clk 0:00:05]} Bxa3 {[%clk 0:00:46]} 36. Kd2
{[%clk 0:00:05]} Rc3 {[%clk 0:00:43]} 37. f4 {[%clk 0:00:06]} Be7
{[%clk 0:00:25]} 38. Rb7 {[%clk 0:00:07]} Bd6 {[%clk 0:00:19]} 39. Rd7
{[%clk 0:00:07]} Bc7 {[%clk 0:00:20]} 40. h4 {[%clk 0:00:04]} Rc6
{[%clk 0:00:17]} 41. h5 {[%clk 0:00:04]} Bd6 {[%clk 0:00:17]} 42. Rb7
{[%clk 0:00:03]} Ra6 {[%clk 0:00:18]} 43. Kc2 {[%clk 0:00:03]} Ra2+
{[%clk 0:00:18]} 44. Kd1 {[%clk 0:00:05]} Rg2 {[%clk 0:00:17]} 45. Rd7
{[%clk 0:00:05]} Rxg3 {[%clk 0:00:16]} 46. Ke2 {[%clk 0:00:06]} Re3+
{[%clk 0:00:17]} 47. Kd2 {[%clk 0:00:08]} Bf8 {[%clk 0:00:11]} 48. fxe5
{[%clk 0:00:09]} Rxe4 {[%clk 0:00:11]} 49. exf6 {[%clk 0:00:10]} gxf6
{[%clk 0:00:12]} 50. Nf2 {[%clk 0:00:07]} Rh4 {[%clk 0:00:13]} 51. Kd3
{[%clk 0:00:08]} Rf4 {[%clk 0:00:14]} 52. Ne4 {[%clk 0:00:09]} Bg7
{[%clk 0:00:13]} 53. Rd8+ {[%clk 0:00:09]} Kh7 {[%clk 0:00:14]} 54. Rd7
{[%clk 0:00:10]} f5 {[%clk 0:00:13]} 55. Nf6+ {[%clk 0:00:12]} Kh8
{[%clk 0:00:14]} 56. Rd8+ {[%clk 0:00:13]} Bf8 {[%clk 0:00:15]} 57. Rxf8+
{[%clk 0:00:13]} Kg7 {[%clk 0:00:17]} 58. Nd7 {[%clk 0:00:14]} Rh4
{[%clk 0:00:16]} 59. Rxf5 {[%clk 0:00:15]} Rh1 {[%clk 0:00:16]} 60. Ne5
{[%clk 0:00:16]} Rd1+ {[%clk 0:00:17]} 61. Ke4 {[%clk 0:00:16]} Rd2
{[%clk 0:00:16]} 62. Nd3 {[%clk 0:00:16]} Rg2 {[%clk 0:00:15]} 63. Nf4
{[%clk 0:00:15]} Rd2 64. Ne6+ Kg8 65. Nxd4 Rd1 66. Nf3 Kg7 67. Ne5 Re1+ 68. Kd5
Rg1 69. Ke6 Ra1 70. Rf7+ Kg8 71. Rd7 Ra6+ 72. Kf5 Rb6 73. Re7 Ra6 74. Re6 Ra1 75.
Rxh6 Kg7 76. Rc6 Kh7 77. Kg5 Ra5 78. Rc7+ Kh8 79. Kh6 Ra8 80. Ng6+ Kg8 81. Rg7#
1-0

[Event "Blitz 2018"]
[Site "Saint-Petersburg"]
[Date "2018.12.30"]
[Round "18"]
[Board "78"]
[White "Tsoi Dmitry (RUS)"]
[Black "Carlsson Pontus (SWE)"]
[Result "0-1"]
[LiveChessVersion "1.4.8"]
[BlackElo "2511"]
[WhiteElo "2387"]

1. e4 {[%clk 0:03:03]} c5 {[%clk 0:03:04]} 2. Be2 {[%clk 0:03:04]} Nc6
{[%clk 0:03:05]} 3. f4 {[%clk 0:03:06]} g6 {[%clk 0:03:06]} 4. Nf3
{[%clk 0:03:07]} Bg7 {[%clk 0:03:07]} 5. d3 {[%clk 0:03:08]} e6 {[%clk 0:03:07]}
6. O-O {[%clk 0:03:08]} d5 {[%clk 0:03:06]} 7. c3 {[%clk 0:03:09]} Nge7
{[%clk 0:03:07]} 8. Nbd2 {[%clk 0:03:11]} O-O {[%clk 0:03:07]} 9. Qe1
{[%clk 0:03:12]} h6 {[%clk 0:02:57]} 10. a4 {[%clk 0:03:10]} f5 {[%clk 0:02:53]}
11. e5 {[%clk 0:03:06]} b6 {[%clk 0:02:49]} 12. h4 {[%clk 0:02:50]} Bd7
{[%clk 0:02:44]} 13. h5 {[%clk 0:02:48]} Be8 {[%clk 0:02:29]} 14. hxg6
{[%clk 0:02:48]} Nxg6 {[%clk 0:02:28]} 15. Qg3 {[%clk 0:02:41]} Qe7
{[%clk 0:02:19]} 16. Kf2 {[%clk 0:02:20]} d4 {[%clk 0:01:53]} 17. c4
{[%clk 0:02:21]} Nb4 {[%clk 0:01:52]} 18. Ne1 {[%clk 0:02:11]} Qh4
{[%clk 0:01:48]} 19. Qxh4 {[%clk 0:02:10]} Nxh4 {[%clk 0:01:49]} 20. Ndf3
{[%clk 0:02:10]} Ng6 {[%clk 0:01:42]} 21. Bd2 {[%clk 0:02:03]} a5
{[%clk 0:01:43]} 22. b3 {[%clk 0:02:01]} Bc6 {[%clk 0:01:43]} 23. Bxb4
{[%clk 0:01:59]} axb4 {[%clk 0:01:43]} 24. g3 {[%clk 0:02:00]} Kf7
{[%clk 0:01:34]} 25. Ng1 {[%clk 0:01:58]} Ke7 {[%clk 0:01:31]} 26. Bf3
{[%clk 0:01:59]} Kd7 {[%clk 0:01:29]} 27. Bxc6+ {[%clk 0:01:58]} Kxc6
{[%clk 0:01:30]} 28. Nef3 {[%clk 0:01:59]} Ra7 {[%clk 0:01:23]} 29. Ne2
{[%clk 0:01:59]} Kd7 {[%clk 0:01:18]} 30. Rh1 {[%clk 0:02:00]} Rf7
{[%clk 0:01:14]} 31. Nh4 {[%clk 0:01:58]} Ne7 {[%clk 0:01:11]} 32. Rag1
{[%clk 0:01:49]} Nc6 {[%clk 0:01:10]} 33. Nf3 {[%clk 0:01:43]} Na5
{[%clk 0:01:08]} 34. Nd2 {[%clk 0:01:43]} Ra8 {[%clk 0:01:08]} 35. Rg2
{[%clk 0:01:43]} Raf8 {[%clk 0:01:08]} 36. Ng1 {[%clk 0:01:42]} Nc6
{[%clk 0:01:07]} 37. Ngf3 {[%clk 0:01:43]} Na5 {[%clk 0:01:08]} 38. Nh4
{[%clk 0:01:44]} Re8 {[%clk 0:01:03]} 39. Ng6 {[%clk 0:01:44]} Ra8
{[%clk 0:00:56]} 40. Rgg1 {[%clk 0:01:43]} Nc6 {[%clk 0:00:57]} 41. Kg2
{[%clk 0:01:42]} Na5 {[%clk 0:00:56]} 42. Kh3 {[%clk 0:01:43]} Nc6
{[%clk 0:00:56]} 43. Kh4 {[%clk 0:01:43]} Rg8 {[%clk 0:00:53]} 44. Kh5
{[%clk 0:01:27]} Bf8 {[%clk 0:00:47]} 45. Nf3 {[%clk 0:00:35]} Na5
{[%clk 0:00:40]} 46. Rb1 {[%clk 0:00:35]} Rfg7 {[%clk 0:00:35]} 47. Nfh4
{[%clk 0:00:35]} Be7 {[%clk 0:00:35]} 48. Nxe7 {[%clk 0:00:07]} Kxe7
{[%clk 0:00:36]} 49. Kxh6 {[%clk 0:00:04]} Rxg3 {[%clk 0:00:34]} 50. Kh7
{[%clk 0:00:05]} R8g7+ {[%clk 0:00:34]} 51. Kh8 {[%clk 0:00:06]} R7g4
{[%clk 0:00:32]} 52. Kh7 {[%clk 0:00:03]} Rxd3 {[%clk 0:00:23]} 53. Rbg1
{[%clk 0:00:04]} Rxg1 {[%clk 0:00:16]} 54. Rxg1 {[%clk 0:00:06]} Rh3
{[%clk 0:00:17]} 55. Rg7+ {[%clk 0:00:04]} Kd8 {[%clk 0:00:16]} 56. Kg8 Rxh4
{[%clk 0:00:15]} 57. Kf7 {[%clk 0:00:07]} Rg4 {[%clk 0:00:09]} 58. Rh7
{[%clk 0:00:07]} Kd7 {[%clk 0:00:08]} 59. Kf6+ {[%clk 0:00:08]} Kc6
{[%clk 0:00:08]} 60. Kxe6 {[%clk 0:00:09]} Rxf4 {[%clk 0:00:06]} 61. Rd7
{[%clk 0:00:08]} Nxb3 {[%clk 0:00:05]} 62. Rd6+ {[%clk 0:00:09]} Kc7
{[%clk 0:00:05]} 63. Rd7+ {[%clk 0:00:07]} Kc6 {[%clk 0:00:06]} 64. Rd6+
{[%clk 0:00:08]} Kb7 {[%clk 0:00:07]} 65. Kd7 {[%clk 0:00:07]} Re4
{[%clk 0:00:05]} 66. e6 {[%clk 0:00:08]} f4 {[%clk 0:00:05]} 67. e7
{[%clk 0:00:10]} Rxe7+ 68. Kxe7 {[%clk 0:00:11]} Na5 {[%clk 0:00:06]} 69. Rd7+
{[%clk 0:00:07]} Ka6 {[%clk 0:00:06]} 70. Ke6 {[%clk 0:00:07]} b3
{[%clk 0:00:05]} 71. Rh7 b2 {[%clk 0:00:06]} 72. Rh1 {[%clk 0:00:08]} Nxc4
{[%clk 0:00:07]} 73. Kd5 {[%clk 0:00:09]} Nd2 {[%clk 0:00:07]} 74. Kc6
{[%clk 0:00:10]} Ka5 {[%clk 0:00:06]} 0-1

[Event "Blitz 2018"]
[Site "Saint-Petersburg"]
[Date "2018.12.30"]
[Round "18"]
[Board "79"]
[White "Kryakvin Dmitry (RUS)"]
[Black "Dubrovin Robert (EST)"]
[Result "1-0"]
[LiveChessVersion "1.4.8"]
[BlackElo "2176"]
[WhiteElo "2536"]

1. d4 {[%clk 0:03:02]} Nf6 {[%clk 0:03:04]} 2. Bg5 {[%clk 0:03:03]} d5
{[%clk 0:03:05]} 3. e3 {[%clk 0:03:04]} c5 {[%clk 0:03:06]} 4. c3
{[%clk 0:03:05]} Nc6 {[%clk 0:03:04]} 5. Nd2 {[%clk 0:03:06]} e5 {[%clk 0:02:43]}
6. dxe5 {[%clk 0:03:06]} Nxe5 {[%clk 0:02:44]} 7. Ngf3 {[%clk 0:03:06]} Nc6
{[%clk 0:02:33]} 8. Be2 {[%clk 0:02:46]} Be7 {[%clk 0:02:35]} 9. O-O O-O 10. Qc2
{[%clk 0:02:37]} Bg4 {[%clk 0:02:31]} 11. Rfd1 {[%clk 0:02:33]} Bh5
{[%clk 0:02:13]} 12. Nf1 {[%clk 0:02:27]} Qd7 {[%clk 0:01:47]} 13. Ng3
{[%clk 0:02:18]} Bg6 {[%clk 0:01:49]} 14. Bd3 {[%clk 0:02:18]} c4
{[%clk 0:01:25]} 15. Bf5 {[%clk 0:02:09]} Qd6 {[%clk 0:01:23]} 16. Nd4
{[%clk 0:01:58]} Qc5 {[%clk 0:01:15]} 17. Qe2 {[%clk 0:01:44]} Rfe8
{[%clk 0:01:11]} 18. h4 {[%clk 0:01:39]} Ne5 {[%clk 0:01:01]} 19. h5
{[%clk 0:01:35]} Bxf5 {[%clk 0:00:59]} 20. Ngxf5 {[%clk 0:01:33]} Nd3
{[%clk 0:00:57]} 21. h6 {[%clk 0:01:29]} Bd8 {[%clk 0:00:20]} 22. Nxg7
{[%clk 0:01:23]} Re4 {[%clk 0:00:17]} 23. Ngf5 {[%clk 0:01:09]} Qc7
{[%clk 0:00:09]} 24. Qf3 {[%clk 0:00:43]} Qd7 {[%clk 0:00:09]} 25. b3
{[%clk 0:00:33]} b5 {[%clk 0:00:10]} 26. bxc4 bxc4 27. Rab1 {[%clk 0:00:34]} Kh8
{[%clk 0:00:12]} 28. Rb5 {[%clk 0:00:30]} Ne5 {[%clk 0:00:10]} 29. Qh3
{[%clk 0:00:24]} Rg4 {[%clk 0:00:09]} 30. Bf4 {[%clk 0:00:22]} Ng6
{[%clk 0:00:07]} 31. Bg3 {[%clk 0:00:20]} Rxd4 {[%clk 0:00:08]} 32. Nxd4
{[%clk 0:00:20]} Ne4 {[%clk 0:00:08]} 33. Qxd7 {[%clk 0:00:21]} 1-0